000 00380nam a22001577a 4500
005 20200521150650.0
008 200521b xxu||||| |||| 00| 0 eng d
020 _a9789352530083
041 _aeng
082 _a425 WRN
100 _aWRN.PC and Martin H
_95719
245 _aHigh School English Grammar and Composition
300 _a420p.
650 _aEnglish
_941
942 _cBK
999 _c6406
_d6404